[Event "FIDE World Bl Team Pool E"]
[Site "Almaty KAZ"]
[Date "2024.08.05"]
[Round "1.21"]
[White "Turayev, Shahruh"]
[Black "Agibileg, Uurtsaikh"]
[Result "1/2-1/2"]
[BlackTitle "IM"]
[WhiteElo "2097"]
[BlackElo "2411"]
[WhiteTeam "TKM Chess"]
[BlackTeam "Hunnu Air"]
[WhiteFideId "14003856"]
[BlackFideId "4901606"]
[EventDate "2024.08.05"]

1. e4 c5 2. Nc3 e6 3. g3 d5 4. exd5 exd5 5. d4 cxd4 6. Qxd4 Nf6 7. Bg2 Nc6 8.
Qa4 Bb4 9. Ne2 Bxc3+ 10. Nxc3 Qe7+ 11. Be3 O-O 12. O-O-O Be6 13. Nxd5 Nxd5 14.
Bxd5 Bxd5 15. Rxd5 Rfd8 16. Rhd1 a6 17. Bg5 f6 18. Be3 Rxd5 19. Rxd5 Rc8 20. Qg4
Rd8 21. Bc5 Qe1+ 22. Qd1 Qxd1+ 23. Rxd1 Kf7 24. Rxd8 Nxd8 25. Kd2 Ke6 26. Kd3
Kd5 27. Be3 b5 28. b3 Nc6 29. c4+ bxc4+ 30. bxc4+ Ke6 31. Kc3 Kd7 32. Bd4 Ke6
33. Kd3 Nb4+ 34. Kd2 Nc6 35. Bc3 g6 36. Kd3 f5 37. a3 Kd6 38. Bb4+ Ke6 39. h3
Ke5 40. f4+ Ke6 41. g4 Kd7 42. c5 Ke6 43. Kc4 Ne7 44. Bc3 Nc6 45. Bd4 Na5+ 46.
Kb4 Nc6+ 47. Kc4 Na5+ 48. Kb4 Nc6+ 49. Kc4 Na5+ 50. Kb4 Nc6+ 1/2-1/2

[Event "FIDE World Bl Team Pool E"]
[Site "Almaty KAZ"]
[Date "2024.08.05"]
[Round "2.6"]
[White "Ayapov, Alimzhan"]
[Black "Erkhembayar, Amartaivan"]
[Result "0-1"]
[WhiteElo "2001"]
[BlackElo "1962"]
[WhiteTeam "Kazchess"]
[BlackTeam "Hunnu Air"]
[WhiteFideId "13727125"]
[BlackFideId "4904800"]
[EventDate "2024.08.05"]

1. d4 Nf6 2. Nc3 e6 3. Bf4 d5 4. Nb5 Bd6 5. Nxd6+ cxd6 6. c3 Nc6 7. Nf3 O-O 8.
e3 a6 9. a4 Re8 10. h3 e5 11. Bh2 Bf5 12. Be2 Rc8 13. O-O Bg6 14. Qb3 Qc7 15.
Rfd1 h6 16. Rac1 Be4 17. Qa3 Na5 18. Nd2 Bg6 19. Bf3 Nc4 20. Nxc4 dxc4 21. dxe5
dxe5 22. Qd6 Bd3 23. Qb4 b6 24. Rd2 Qc5 25. Bb7 Rcd8 26. Qxc5 bxc5 27. Bxa6 Ne4
28. Rdd1 Nd6 29. b4 Ra8 30. b5 f6 31. Ra1 Reb8 32. Rdc1 Ne4 33. Ra2 Nd6 34. f3
Kf7 35. Kf2 Ke6 36. Ke1 Nf5 37. Kf2 Nd6 38. e4 g5 39. Ke1 Ra7 40. Bg1 Rc7 41.
Rb2 f5 42. exf5+ Nxf5 43. b6 Re7 44. a5 Nd6 45. Bxc5 Kd5 46. Ba3 e4 47. Bxd6
Kxd6 48. fxe4 Rxe4+ 49. Kf2 Rbe8 50. Kg1 Re2 51. Rxe2 Rxe2 52. Rd1 Kc6 53. Bc8
Ra2 54. b7 Kc7 55. Re1 Rxa5 56. Re7+ Kb8 57. Re8 Ra1+ 58. Kf2 Rb1 59. Ke3 Re1+
60. Kd4 Re2 61. Rxe2 0-1

[Event "FIDE World Bl Team Pool E"]
[Site "Almaty KAZ"]
[Date "2024.08.05"]
[Round "2.14"]
[White "Altair, Almir"]
[Black "Zhalmakhanov, Ramazan"]
[Result "0-1"]
[BlackTitle "IM"]
[WhiteElo "1546"]
[BlackElo "2497"]
[WhiteTeam "ChessStar"]
[BlackTeam "Astana-1"]
[WhiteFideId "447001348"]
[BlackFideId "13706357"]
[EventDate "2024.08.05"]

1. e4 c5 2. Nc3 a6 3. a4 e6 4. f4 d5 5. d4 cxd4 6. Qxd4 Nc6 7. Qd1 Bb4 8. Ne2 d4
9. g3 dxc3 10. Qxd8+ Nxd8 11. bxc3 Bc5 12. Bg2 Nc6 13. Bd2 Nf6 14. f5 e5 15.
O-O-O O-O 16. h4 b5 17. h5 bxa4 18. h6 Rb8 19. Bg5 Ng4 20. hxg7 Kxg7 21. Bf3 f6
22. Bxg4 fxg5 23. f6+ Rxf6 24. Bxc8 Be3+ 25. Rd2 Rd6 26. Nd4 Nxd4 27. cxd4 Rxd4
28. c3 Rxd2 29. Bf5 Rh2+ 30. Kd1 Rb1# 0-1

[Event "FIDE World Bl Team Pool E"]
[Site "Almaty KAZ"]
[Date "2024.08.05"]
[Round "4.5"]
[White "Kamalidenova, Meruert"]
[Black "Assaubayeva, Bibisara"]
[Result "0-1"]
[WhiteTitle "IM"]
[BlackTitle "IM"]
[WhiteElo "2352"]
[BlackElo "2470"]
[WhiteTeam "Astana-1"]
[BlackTeam "Kazchess"]
[WhiteFideId "13712802"]
[BlackFideId "13708694"]
[EventDate "2024.08.05"]

1. e4 e5 2. Nf3 Nc6 3. d4 exd4 4. Nxd4 Nf6 5. Nc3 Bb4 6. Nxc6 bxc6 7. Bd3 d5 8.
exd5 cxd5 9. O-O O-O 10. Bg5 c6 11. Qf3 Be6 12. Ne2 h6 13. Bxf6 Qxf6 14. Qxf6
gxf6 15. Ng3 Rfd8 16. Nf5 Bf8 17. b3 c5 18. Ne3 Rab8 19. Rad1 Rb6 20. Kh1 Rbd6
21. f4 c4 22. Be2 cxb3 23. axb3 Bc8 24. Bf3 d4 25. Nc4 Ra6 26. Be4 Bb4 27. Rd3
Bc3 28. Rg3+ Kf8 29. f5 Ra2 30. Rgf3 Ba6 31. Rh3 Kg7 32. Rg3+ Kf8 33. Rh3 Bxc4
34. bxc4 Kg7 35. Rg3+ Kf8 36. Rh3 Re8 37. Bd5 Rxc2 38. Rxh6 Ke7 39. Rh3 a5 40.
Rd3 Kd6 41. h4 a4 42. Rb1 a3 43. Rb6+ Ke5 44. Ra6 a2 45. Rd1 Rb8 46. Ra3 Rb1 47.
Bf3 Rxd1+ 48. Bxd1 Rd2 49. Bf3 a1=Q+ 50. Rxa1 Bxa1 51. h5 Rb2 52. c5 Rb8 53. c6
Kd6 54. g4 d3 55. Kg2 Be5 56. Kf1 Bf4 57. Bd1 d2 58. Ke2 Bg5 59. Ba4 Ra8 60. Bb3
Kxc6 61. Bxf7 Ra7 62. Bb3 Re7+ 63. Kd3 Re3+ 0-1

[Event "FIDE World Bl Team Pool E"]
[Site "Almaty KAZ"]
[Date "2024.08.05"]
[Round "4.6"]
[White "Kabinazar, Nurmukhammed"]
[Black "Anetov, Amirzhan"]
[Result "1-0"]
[WhiteElo "2002"]
[BlackElo "1661"]
[WhiteTeam "Kazchess"]
[BlackTeam "Astana-1"]
[WhiteFideId "13750186"]
[BlackFideId "13784951"]
[EventDate "2024.08.05"]

1. e4 e5 2. Nc3 Nf6 3. g3 Bc5 4. Bg2 c6 5. Na4 Be7 6. d4 exd4 7. Qxd4 d5 8. e5
Nfd7 9. Nf3 Nb6 10. Nxb6 axb6 11. c3 c5 12. Qd3 Nc6 13. O-O Be6 14. Re1 O-O 15.
h3 Qd7 16. g4 d4 17. Ng5 Bxg5 18. Bxg5 Bd5 19. c4 Bxg2 20. Kxg2 Nb4 21. Qf3 h6
22. Bd2 Nc2 23. Qd3 Qc6+ 24. f3 Nxa1 25. Rxa1 Rfe8 26. Bf4 Ra5 27. a3 b5 28. Kf2
bxc4 29. Qxc4 Qb5 30. Qc2 c4 31. Rg1 Rxe5 32. Bxe5 Qxe5 33. Qxc4 Rc5 34. Qd3
Qh2+ 35. Rg2 Qxh3 36. Qe4 Qh4+ 37. Ke2 Qf6 38. Kd1 Re5 39. Qxb7 Re3 40. Rd2 Rxf3
41. Qc8+ Kh7 42. Qc2+ g6 43. Qe4 Rf4 44. Qd5 Rxg4 45. a4 Rg1+ 46. Kc2 1-0

[Event "FIDE World Bl Team Pool E"]
[Site "Almaty KAZ"]
[Date "2024.08.05"]
[Round "4.8"]
[White "Chinguun, Sumiya"]
[Black "Gareyev, Timur"]
[Result "0-1"]
[WhiteTitle "FM"]
[BlackTitle "GM"]
[WhiteElo "2389"]
[BlackElo "2541"]
[WhiteTeam "Hunnu Air"]
[BlackTeam "Q4Rail Kingsofchess Krakow"]
[WhiteFideId "4902572"]
[BlackFideId "14200937"]
[EventDate "2024.08.05"]

1. e4 e5 2. Nf3 Nc6 3. d4 exd4 4. Nxd4 Qf6 5. Nf3 Bb4+ 6. c3 Bc5 7. Bg5 Qg6 8.
Nbd2 d6 9. a4 a5 10. Qb3 Nf6 11. Bd3 Ng4 12. Bh4 Nge5 13. Nxe5 Nxe5 14. Bf1 O-O
15. O-O-O Be6 16. Qc2 f5 17. f3 fxe4 18. Nxe4 Bf5 19. Qb3+ Kh8 20. Nxc5 Qh6+ 21.
f4 Qxf4+ 22. Rd2 Qxh4 23. Nd3 Rae8 24. Nxe5 Qe1+ 25. Qd1 Rxe5 26. Bd3 Qxd1+ 27.
Rhxd1 Bd7 28. Bc2 Bc6 29. g3 g6 30. b3 Rf3 31. Kb2 Ree3 32. c4 b6 33. Rg1 Kg7
34. g4 g5 35. Rg3 Rxg3 36. hxg3 h6 37. Bf5 Bf3 38. Rf2 Re2+ 39. Rxe2 Bxe2 40.
Kc3 Kf6 41. Kd4 Bd1 42. Kc3 Ke5 43. b4 Bxa4 44. bxa5 bxa5 45. c5 d5 46. Kd3 Bb5+
47. Ke3 d4+ 48. Kd2 a4 49. Kc2 Kd5 50. c6 Bxc6 51. Bh7 Bb5 52. Kb2 c5 53. Ka3
Ke5 54. Kb2 c4 55. Ka3 c3 56. Kb4 d3 57. Kxc3 a3 58. Bg8 Ke4 59. Kd2 Kd4 60. Ba2
Ba6 61. Bf7 Bc4 62. Bg6 a2 63. Bf5 0-1

[Event "FIDE World Bl Team Pool E"]
[Site "Almaty KAZ"]
[Date "2024.08.05"]
[Round "6.4"]
[White "Sadvakasov, Darmen"]
[Black "Agajanova, Meryem"]
[Result "1-0"]
[WhiteTitle "GM"]
[BlackTitle "WCM"]
[WhiteElo "2629"]
[BlackElo "2007"]
[WhiteTeam "Kazchess"]
[BlackTeam "TKM Chess"]
[WhiteFideId "13700464"]
[BlackFideId "14005930"]
[EventDate "2024.08.05"]

1. e4 e6 2. d4 d5 3. Nc3 Bb4 4. e5 c5 5. a3 Bxc3+ 6. bxc3 Ne7 7. Nf3 Qc7 8. h4
b6 9. Bb5+ Bd7 10. Bd3 Ba4 11. O-O Nbc6 12. h5 h6 13. Re1 Rc8 14. dxc5 bxc5 15.
Bf4 Qa5 16. Qd2 O-O 17. Bxh6 f6 18. exf6 Rxf6 19. Bg5 Rxf3 20. gxf3 Rf8 21. Rxe6
Nf5 22. Rae1 d4 23. Re8 Nd6 24. Rxf8+ Kxf8 25. Qf4+ Nf7 26. Bg6 Nd8 27. Bxd8 1-0

[Event "FIDE World Bl Team Pool E"]
[Site "Almaty KAZ"]
[Date "2024.08.05"]
[Round "6.22"]
[White "Munkhdalai, Amilal"]
[Black "Agmanov, Zhandos"]
[Result "0-1"]
[WhiteTitle "IM"]
[BlackTitle "IM"]
[WhiteElo "2374"]
[BlackElo "2458"]
[WhiteTeam "Hunnu Air"]
[BlackTeam "Astana-1"]
[WhiteFideId "4903250"]
[BlackFideId "13708309"]
[EventDate "2024.08.05"]

1. e4 e6 2. d4 d5 3. Nd2 c5 4. exd5 Qxd5 5. dxc5 Nf6 6. Ngf3 Qxc5 7. Bd3 Nbd7 8.
O-O Qc7 9. b3 Be7 10. Bb2 O-O 11. Qe2 Nc5 12. Bc4 a6 13. a4 Bd7 14. Ne5 Be8 15.
Ndf3 h6 16. Rfd1 Rb8 17. a5 Rd8 18. Rxd8 Qxd8 19. Bd4 Qc7 20. b4 Nce4 21. c3 Nd6
22. Bd3 Nb5 23. Bxb5 Bxb5 24. Qb2 Rc8 25. Rc1 Nd5 26. c4 Be8 27. c5 f6 28. Nc4
Bf7 29. Nb6 Nxb6 30. axb6 Qc6 31. Be3 e5 32. Nd2 Qb5 33. Qc3 Bd5 34. Nb3 Bd8 35.
Na5 Be7 36. Qd2 Rd8 37. Qc3 Bc6 38. f3 Rd3 39. Qc4+ Qxc4 40. Nxc4 Bd5 41. Kf2
Rb3 42. Bd2 Kf7 43. Na5 Rb2 44. Ke1 Ke6 45. c6 bxc6 46. Nxc6 Bxc6 47. Rxc6+ Kd5
48. b7 Bxb4 49. Rc2 Rb1+ 50. Ke2 Bxd2 51. Rxd2+ Kc6 52. Ra2 Kxb7 53. Rd2 Rc1 54.
Rd7+ Rc7 55. Rd6 a5 56. Ke3 Rc6 57. Rd7+ 0-1